Kapitálová štruktúra podnikov a globalizácia ekonomiky
Prečo získavajú podniky výhody z globalizácie ekonomiky. Rozhodujúce faktory determinujúce náklady kapitálu z pohľadu globalizácie trhov - trhová likvidita a segmentácia trhu. Faktory, ktoré určujú kapitálovú štruktúru v SR.
Enregistré dans:
| Auteur principal: | |
|---|---|
| Format: | Chapitre de livre |
| Langue: | slovaque |
| Sujets: | |
| Tags: |
Pas de tags, Soyez le premier à ajouter un tag!
|
MARC
| LEADER | 00000naa$a2200000$$$4500 | ||
|---|---|---|---|
| 001 | 0092124 | ||
| 005 | 20240502083234.0 | ||
| 041 | 0 | |a slo | |
| 044 | |a CZ | ||
| 245 | 1 | 0 | |a Kapitálová štruktúra podnikov a globalizácia ekonomiky |c Anna Polednáková |
| 520 | |a Prečo získavajú podniky výhody z globalizácie ekonomiky. Rozhodujúce faktory determinujúce náklady kapitálu z pohľadu globalizácie trhov - trhová likvidita a segmentácia trhu. Faktory, ktoré určujú kapitálovú štruktúru v SR. | ||
| 610 | 2 | 0 | |a kapitál |
| 610 | 2 | 0 | |a štruktúra kapitálová |
| 610 | 2 | 0 | |a financie |
| 610 | 2 | 0 | |a trh |
| 610 | 2 | 0 | |a segmentácia trhu |
| 610 | 2 | 0 | |a likvidita |
| 610 | 2 | 0 | |a globalizácia |
| 100 | 1 | |a Polednáková, Anna, 1957- | |